MARC

LEADER 00000nam0a2200000 4500
001 264076
005 20231101233811.0
010 |a 5288000611 
035 |a (RuTPU)RU\TPU\book\287067 
090 |a 264076 
100 |a 20140616d1988 k y0rusy50 ca 
101 0 |a rus 
102 |a RU 
105 |a a z 001zy 
200 1 |a Водный баланс атмосферы как гидрологическая задача  |f Н. П. Смирнов, В. Н. Малинин  |g Ленинградский гидрометеорологический институт 
210 |a Ленинград  |c Изд-во Ленинградского ун-та  |d 1988 
215 |a 200 с.  |c ил. 
320 |a Библиогр.: с. 191-197. 
606 1 |a Метеорология  |2 stltpush  |3 (RuTPU)RU\TPU\subj\43458  |9 62957 
606 1 |a Водный баланс земной поверхности  |2 stltpush  |3 (RuTPU)RU\TPU\subj\2769  |9 31285 
610 1 |a атмосфера 
610 1 |a гидрологический цикл 
610 1 |a расчеты 
610 1 |a годовые циклы 
610 1 |a прогнозы 
675 |a 551.5  |v 3 
675 |a 556.1  |v 3 
700 1 |a Смирнов  |b Н. П.  |g Николай Павлович 
701 1 |a Малинин  |b В. Н.  |g Валерий Николаевич 
712 0 2 |a Ленинградский гидрометеорологический институт  |2 stltpush  |3 (RuTPU)RU\TPU\col\8522 
801 1 |a RU  |b 63413507  |c 20140616 
801 2 |a RU  |b 63413507  |c 20150225  |g RCR 
942 |c BK